00350nam a22001457a 450000500170000000800410001702000170005804100080007508200090008310000300009224500250012226000340014730000080018165000150018920160511151331.0160511b xxu||||| |||| 00| 0 eng d a019-566175-3 aeng b1310 aChakrabortee Bidyut (edi) aPublic Adminstration bOxford University Pressc2003 a429 aManagement